Chicago Bears All Time Team - Statistics

General Stats
  • This quiz has been taken 66 times
  • The average score is 12 of 55
Answer Stats
Hint Answer % Correct
QB Jim McMahon
87%
HB Walter Payton
87%
HB Gale Sayers
64%
TE Mike Ditka
64%
MLB Mike Singletary
56%
QB Sid Luckman
56%
HB Matt Forte
55%
WR Devin Hester
53%
KR/PR Devin Hester
53%
MLB Dick Butkus
49%
DT William Perry
45%
RE RIchard Dent
44%
CB Charles Tillman
38%
MLB Brain Urlacher
36%
OLB Khalil Mack
29%
OLB Lance Briggs
29%
FB Bronko Nagurski
27%
K Robbie Gould
25%
OLB Wilber Marshall
25%
LE Julius Peppers
18%
S Gary Fencik
16%
S Mike Brown
16%
CB Red Grange
16%
S Dave Duerson
15%
DT Dan Hampton
13%
OT Jimbo Covert
13%
WR Johnny Morris
13%
G Stan Jones
13%
DT Stan Jones
13%
WR Willie Gault
13%
MLB Bill George
11%
S Rosey Taylor
11%
P Bobby Joe Green
9%
C Bulldog Turner
7%
RE Doug Atkins
7%
WR Harlon Hill
7%
G Danny Fortmann
5%
OT Keith Van Horne
5%
G Mark Bortz
5%
OLB Otis Wilson
5%
WR Bill Hewitt
4%
RE Ed Sprinkle
4%
OT George Musso
4%
C Jay Hilgenberg
4%
OLB Joe Fortunato
4%
WR Ken Kavanaugh
4%
DT Wally Chambers
4%
DT LInk Lyman
2%
S Richie Petitbon
2%
CB Benny McRae
0%
LE Ed O´Bradovich
0%
OT George Conner
0%
CB J.C Carolina
0%
G Joe Kopcha
0%
DT Steve Michael
0%
No matching quizzes found
Score Distribution
Percent of People with Each Score
Percentile by Number Answered
Your Score History
You have not taken this quiz